| 000 | 00629nam a2200181 a 4500 | ||
|---|---|---|---|
| 005 | 20250918064118.0 | ||
| 008 | 991125s1970 mx 000 0 spa u | ||
| 035 | _aUPN01000004633 | ||
| 049 | _aCG | ||
| 050 | 4 |
_aLB2544 _bC5.2 1970 |
|
| 100 | 1 |
_aCisneros Farías, Germán _935356 |
|
| 245 | 1 | 3 |
_aEl artículo tercero constitucional : _banálisis histórico, jurídico y pedagogico / _cGermán Cisneros Farías. |
| 260 |
_aMéxico : _bTrillas, _c1970. |
||
| 300 | _a151 p. | ||
| 610 | 1 | 4 |
_aMéxico. _tConstitución política (1917). _pArtículo 3° _97686 |
| 650 | 4 |
_aEducación _xLeyes y legislación _zMéxico _99102 |
|
| 905 | _aLibro | ||
| 999 |
_c4633 _d4633 |
||